[Event "GER-ch U10"]
[Site "Willingen"]
[Date "2007.05.28"]
[Round "4"]
[White "Doerre, Florentin"]
[Black "Szajbely, Zsigmond"]
[Result "0-1"]
[WhiteElo "1132"]
[BlackElo "1376"]
[PlyCount "54"]
[EventDate "2007.05.26"]
[EventType "swiss"]
[EventRounds "11"]
[EventCountry "GER"]
[SourceTitle "CBM 118 Extra"]
[Source "ChessBase"]
[SourceDate "2007.07.04"]
[SourceVersion "1"]
[SourceVersionDate "2007.07.04"]
[SourceQuality "1"]

1. e4 c5 2. Nf3 d6 3. c3 Nf6 4. Be2 Nxe4 5. Qa4+ Nc6 6. Qxe4 e6 7. d4 d5 8. Qd3 c4 9. Qd1 Rb8 10. b3 b5 11. a4 a6 12. axb5 axb5 13. bxc4 bxc4 14. Nbd2 Bd7 15. 0-0 Na5 16. Ba3 Nb3 17. Nxb3 Rxb3 18. Bxf8 Kxf8 19. Qc1 f6 20. Ra3 Rxa3 21. Qxa3+ Kf7 22. Rb1 Qe7 23. Rb7 Qxa3 24. Rxd7+ Ke8 25. Rb7 Rf8 26. Rb8+ Kf7 27. Rb7+ Kg8 0-1